[Event "Bagnoles de l'Orne"]
[Site "Bagnoles de l'Orne"]
[Date "2009.05.31"]
[Round "3"]
[White "Peron, Ludovic"]
[Black "Mahieux, Richard"]
[Result "1/2-1/2"]
[WhiteElo "1670"]
[BlackElo "1740"]
[PlyCount "74"]
[EventDate "2009.05.30"]
[EventType "swiss"]
[EventRounds "6"]
[EventCountry "FRA"]
[SourceTitle "CBM 130 Extra"]
[Source "ChessBase"]
[SourceDate "2009.07.02"]
[SourceVersion "2"]
[SourceVersionDate "2009.07.15"]
[SourceQuality "1"]

1. c4 Nf6 2. Nc3 e6 3. d4 c5 4. d5 exd5 5. cxd5 d6 6. Nf3 g6 7. Bg5 h6 8. Bh4 g5 9. Bg3 Nh5 10. e3 Nxg3 11. hxg3 Bg7 12. Qc2 Qe7 13. 0-0-0 Nd7 14. Bd3 Ne5 15. Nxe5 Qxe5 16. Rhe1 0-0 17. f4 Qe7 18. e4 Bg4 19. Be2 Bxe2 20. Rxe2 a6 21. Qd2 b5 22. fxg5 Qxg5 23. Qxg5 hxg5 24. Rh1 b4 25. Nd1 Rfe8 26. Rhe1 c4 27. Kc2 a5 28. Re3 a4 29. g4 b3+ 30. Kb1 Ra7 31. a3 Rc7 32. Nc3 Bxc3 33. Rxc3 Rc5 34. Kc1 Kg7 35. Rce3 f6 36. Kd2 Rh8 37. Kc3 Re8 1/2-1/2